[Event "Women's Baku Chess Olympiad"]
[Site "chess24.com"]
[Date "2016.09.04"]
[Round "3"]
[White "Mammadzada, Gunay"]
[Black "Zawadzka, Jolanta"]
[Result "1-0"]
[Board "2"]
[WhiteID "13403729"]
[WhiteElo "2361"]
[WhiteTitle "WGM"]
[WhiteCountry "AZE"]
[WhiteFideId "13403729"]
[WhiteEloChange "12"]
[BlackID "1122320"]
[BlackElo "2429"]
[BlackTitle "WGM"]
[BlackCountry "POL"]
[BlackFideId "1122320"]
[BlackEloChange "-6"]

1. e4 {[%clk 1:30:57]} c5 {[%clk 1:30:51]} 2. Nf3 {[%clk 1:31:18]} d6 {[%clk
1:31:11]} 3. d4 {[%clk 1:31:44]} cxd4 {[%clk 1:31:37]} 4. Nxd4 {[%clk 1:32:11]}
Nf6 {[%clk 1:31:59]} 5. Nc3 {[%clk 1:32:38]} Nc6 {[%clk 1:32:21]} 6. f3 {[%clk
1:32:25]} e5 {[%clk 1:32:31]} 7. Nb3 {[%clk 1:32:47]} Be7 {[%clk 1:32:44]} 8. Be3
{[%clk 1:33:04]} O-O {[%clk 1:32:57]} 9. Qd2 {[%clk 1:33:00]} a5 {[%clk 1:33:08]}
10. Bb5 {[%clk 1:33:06]} Be6 {[%clk 1:33:02]} 11. Rd1 {[%clk 1:26:16]} Na7 {[%clk
1:33:06]} 12. Be2 {[%clk 1:25:12]} Nc8 {[%clk 1:32:53]} 13. Qc1 {[%clk 1:25:12]}
Nd7 {[%clk 1:32:58]} 14. a4 {[%clk 1:10:26]} Ncb6 {[%clk 1:33:12]} 15. O-O {[%clk
1:07:14]} Rc8 {[%clk 1:33:06]} 16. Qd2 {[%clk 0:59:19]} Nc4 {[%clk 1:25:09]} 17.
Bxc4 {[%clk 0:59:18]} Bxc4 {[%clk 1:25:30]} 18. Rfe1 {[%clk 0:53:26]} Qc7 {[%clk
1:21:13]} 19. Qf2 {[%clk 0:46:05]} f5 {[%clk 1:01:47]} 20. exf5 {[%clk 0:42:36]}
Rxf5 {[%clk 1:01:16]} 21. Nd2 {[%clk 0:40:34]} Be6 {[%clk 1:00:25]} 22. Nde4
{[%clk 0:40:28]} Nf6 {[%clk 0:46:14]} 23. Nxd6 {[%clk 0:29:47]} Ng4 {[%clk
0:23:40]} 24. Qd2 {[%clk 0:26:52]} Nxe3 {[%clk 0:23:41]} 25. Nxc8 {[%clk
0:21:45]} Nxd1 {[%clk 0:17:53]} 26. Nxe7+ {[%clk 0:22:10]} Qxe7 {[%clk 0:18:17]}
27. Rxd1 {[%clk 0:22:27]} Rf8 {[%clk 0:18:19]} 28. Qd6 {[%clk 0:20:49]} Qxd6
{[%clk 0:15:40]} 29. Rxd6 {[%clk 0:21:15]} Bf5 {[%clk 0:16:03]} 30. Rd5 {[%clk
0:15:54]} Bxc2 {[%clk 0:11:58]} 31. Rxa5 {[%clk 0:16:17]} Rf4 {[%clk 0:09:57]}
32. Rxe5 {[%clk 0:06:57]} Bxa4 {[%clk 0:10:01]} 33. Nxa4 {[%clk 0:04:41]} Rxa4
{[%clk 0:10:24]} 34. Rb5 {[%clk 0:05:11]} Ra7 {[%clk 0:10:24]} 35. f4 {[%clk
0:04:45]} Kf7 {[%clk 0:10:21]} 36. g4 {[%clk 0:03:44]} Ke6 {[%clk 0:08:35]} 37.
Kf2 {[%clk 0:01:37]} Kd6 {[%clk 0:08:17]} 38. Kg3 {[%clk 0:00:57]} Kc6 {[%clk
0:08:10]} 39. Rh5 {[%clk 0:01:20]} h6 {[%clk 0:07:26]} 40. Re5 {[%clk 0:31:19]}
Kd6 {[%clk 0:33:08]} 41. Re2 {[%clk 0:30:40]} b5 {[%clk 0:22:26]} 42. f5 {[%clk
0:27:01]} Kd5 {[%clk 0:19:36]} 43. h4 {[%clk 0:25:38]} Rc7 {[%clk 0:16:02]} 44.
g5 {[%clk 0:21:31]} h5 {[%clk 0:14:20]} 45. g6 {[%clk 0:19:39]} Rc4 {[%clk
0:04:58]} 46. Re7 {[%clk 0:18:42]} Rb4 {[%clk 0:05:01]} 47. Rxg7 {[%clk 0:18:03]}
Ke5 {[%clk 0:05:22]} 48. Rf7 {[%clk 0:17:48]} Rb3+ {[%clk 0:05:47]} 49. Kf2
{[%clk 0:18:15]} Rxb2+ {[%clk 0:06:09]} 50. Ke3 {[%clk 0:18:45]} Rg2 {[%clk
0:05:42]} 51. Kd3 {[%clk 0:17:57]} b4 {[%clk 0:01:52]} 52. Kc4 {[%clk 0:17:00]}
Rg4+ {[%clk 0:02:17]} 53. Kb3 {[%clk 0:17:20]} Rxh4 {[%clk 0:01:39]} 54. g7
{[%clk 0:17:09]} Rg4 {[%clk 0:02:02]} 55. f6 {[%clk 0:17:27]} h4 {[%clk 0:01:46]}
56. Rf8 {[%clk 0:17:48]} Ke6 {[%clk 0:02:05]} 57. g8Q+ {[%clk 0:17:35]} Rxg8
{[%clk 0:02:31]} 58. Rxg8 {[%clk 0:18:02]} Kxf6 {[%clk 0:02:54]} 59. Rg4 {[%clk
0:18:27]} 1-0

[Event "Women's Baku Chess Olympiad"]
[Site "chess24.com"]
[Date "2016.09.04"]
[Round "3"]
[White "Lujan, Carolina"]
[Black "Zimina, Olga"]
[Result "0-1"]
[Board "1"]
[WhiteID "109878"]
[WhiteElo "2378"]
[WhiteTitle "IM"]
[WhiteCountry "ARG"]
[WhiteFideId "109878"]
[WhiteEloChange "-10"]
[BlackID "4132190"]
[BlackElo "2389"]
[BlackTitle "IM"]
[BlackCountry "ITA"]
[BlackFideId "4132190"]
[BlackEloChange "10"]

1. e4 {[%clk 1:30:52]} e5 {[%clk 1:30:54]} 2. Nf3 {[%clk 1:30:51]} Nc6 {[%clk
1:31:19]} 3. Bc4 {[%clk 1:30:12]} Bc5 {[%clk 1:31:38]} 4. d3 {[%clk 1:28:48]} Nf6
{[%clk 1:30:40]} 5. O-O {[%clk 1:27:40]} O-O {[%clk 1:31:04]} 6. Nbd2 {[%clk
1:26:04]} d6 {[%clk 1:26:35]} 7. c3 {[%clk 1:23:46]} Na5 {[%clk 1:22:26]} 8. Bb5
{[%clk 1:17:04]} a6 {[%clk 1:20:55]} 9. Ba4 {[%clk 1:17:19]} b5 {[%clk 1:21:05]}
10. Bc2 {[%clk 1:17:38]} Bb6 {[%clk 1:19:14]} 11. Re1 {[%clk 1:08:40]} c5 {[%clk
1:10:35]} 12. Nf1 {[%clk 1:07:10]} h6 {[%clk 1:09:47]} 13. Ng3 {[%clk 1:05:44]}
Re8 {[%clk 1:09:51]} 14. h3 {[%clk 0:55:43]} Nc6 {[%clk 1:07:45]} 15. Nh4 {[%clk
0:46:42]} Kh7 {[%clk 0:37:07]} 16. Nhf5 {[%clk 0:40:10]} Ne7 {[%clk 0:35:36]} 17.
Qf3 {[%clk 0:33:38]} Neg8 {[%clk 0:30:06]} 18. Bd2 {[%clk 0:27:23]} Be6 {[%clk
0:29:39]} 19. d4 {[%clk 0:24:18]} cxd4 {[%clk 0:29:35]} 20. cxd4 {[%clk 0:14:22]}
Bxf5 {[%clk 0:18:54]} 21. Nxf5 {[%clk 0:13:47]} g6 {[%clk 0:17:42]} 22. dxe5
{[%clk 0:09:40]} dxe5 {[%clk 0:17:51]} 23. Rad1 {[%clk 0:09:51]} gxf5 {[%clk
0:15:28]} 24. Qxf5+ {[%clk 0:10:05]} Kh8 {[%clk 0:15:04]} 25. Bxh6 {[%clk
0:06:16]} Nxh6 {[%clk 0:13:51]} 26. Qg5 {[%clk 0:06:41]} Bd4 {[%clk 0:13:39]} 27.
Qxh6+ {[%clk 0:01:57]} Nh7 {[%clk 0:13:53]} 28. Bb3 {[%clk 0:01:50]} Qg5 {[%clk
0:13:16]} 29. Qxg5 {[%clk 0:01:00]} Nxg5 {[%clk 0:13:39]} 30. Kf1 {[%clk
0:01:14]} Bxb2 {[%clk 0:05:42]} 31. h4 {[%clk 0:00:39]} Ne6 {[%clk 0:06:02]} 32.
Rd7 {[%clk 0:01:00]} Nc5 {[%clk 0:03:27]} 33. Rxf7 {[%clk 0:01:26]} Nxb3 {[%clk
0:03:54]} 34. axb3 {[%clk 0:01:50]} Rf8 {[%clk 0:04:19]} 35. Rb7 {[%clk 0:01:13]}
Bd4 {[%clk 0:04:42]} 36. Re2 {[%clk 0:00:43]} Rac8 {[%clk 0:03:48]} 37. g3 {[%clk
0:00:47]} Rc3 {[%clk 0:04:00]} 38. Kg2 {[%clk 0:00:37]} Rxb3 {[%clk 0:02:09]} 39.
Ra2 {[%clk 0:01:00]} Rf6 {[%clk 0:02:27]} 40. g4 {[%clk 0:30:52]} Rf4 {[%clk
0:31:47]} 41. Rb8+ {[%clk 0:30:03]} Kg7 {[%clk 0:29:21]} 42. Rb7+ {[%clk
0:30:23]} Kf8 {[%clk 0:24:10]} 43. Rb8+ {[%clk 0:30:09]} Ke7 {[%clk 0:24:31]} 44.
Rb7+ {[%clk 0:28:35]} Ke8 {[%clk 0:24:41]} 45. Rb8+ {[%clk 0:28:40]} Kd7 {[%clk
0:23:56]} 46. Rg8 {[%clk 0:28:59]} Rbf3 {[%clk 0:08:57]} 47. h5 {[%clk 0:23:44]}
Rxf2+ {[%clk 0:04:50]} 48. Rxf2 {[%clk 0:24:10]} Rxf2+ {[%clk 0:05:17]} 49. Kg3
{[%clk 0:24:22]} Rf1 {[%clk 0:05:28]} 50. Kg2 {[%clk 0:23:39]} Rf7 {[%clk
0:04:02]} 51. h6 {[%clk 0:20:51]} Ke7 {[%clk 0:03:42]} 52. g5 {[%clk 0:20:51]}
Rh7 {[%clk 0:03:46]} 53. Ra8 {[%clk 0:20:16]} b4 {[%clk 0:02:22]} 54. Rxa6 {[%clk
0:16:38]} b3 {[%clk 0:02:05]} 55. g6 {[%clk 0:16:56]} Rxh6 {[%clk 0:02:04]} 56.
g7 {[%clk 0:17:25]} Rxa6 {[%clk 0:02:25]} 57. g8Q {[%clk 0:17:51]} b2 {[%clk
0:02:35]} 58. Qg7+ {[%clk 0:16:01]} Kd8 {[%clk 0:02:53]} 59. Qf8+ {[%clk
0:16:05]} Kc7 {[%clk 0:02:59]} 60. Qf7+ {[%clk 0:13:43]} Kb6 {[%clk 0:02:25]} 61.
Qf8 {[%clk 0:07:38]} Ka5 {[%clk 0:01:31]} 62. Qa3+ {[%clk 0:05:05]} Kb5 {[%clk
0:02:00]} 63. Qd3+ {[%clk 0:05:23]} Kb6 {[%clk 0:02:23]} 64. Qb3+ {[%clk
0:03:20]} Kc5 {[%clk 0:02:44]} 65. Kf3 {[%clk 0:03:06]} Rb6 {[%clk 0:01:25]} 66.
Qd5+ {[%clk 0:01:41]} Kb4 {[%clk 0:01:50]} 67. Qa2 {[%clk 0:02:08]} Kc3 {[%clk
0:01:44]} 68. Qb1 {[%clk 0:01:45]} Rf6+ {[%clk 0:02:05]} 69. Kg3 {[%clk 0:00:38]}
Rg6+ {[%clk 0:02:27]} 70. Kh2 {[%clk 0:00:34]} Rg1 {[%clk 0:02:40]} 71. Qa2
{[%clk 0:00:50]} b1Q {[%clk 0:02:53]} 72. Qa3+ {[%clk 0:01:11]} Kc4 {[%clk
0:01:32]} 73. Qa4+ {[%clk 0:01:30]} Qb4 {[%clk 0:01:18]} 74. Qc6+ {[%clk
0:00:36]} Kb3 {[%clk 0:01:10]} 75. Qe6+ {[%clk 0:00:40]} Kb2 {[%clk 0:01:28]} 76.
Qh6 {[%clk 0:01:01]} Rd1 {[%clk 0:01:37]} 0-1

[Event "Women's Baku Chess Olympiad"]
[Site "chess24.com"]
[Date "2016.09.04"]
[Round "3"]
[White "Muzychuk, Mariya"]
[Black "Paikidze, Nazi"]
[Result "1/2-1/2"]
[Board "2"]
[WhiteID "14114550"]
[WhiteElo "2539"]
[WhiteTitle "GM"]
[WhiteCountry "UKR"]
[WhiteFideId "14114550"]
[WhiteEloChange "-2"]
[BlackID "13603620"]
[BlackElo "2366"]
[BlackTitle "IM"]
[BlackCountry "USA"]
[BlackFideId "13603620"]
[BlackEloChange "5"]

1. e4 {[%clk 1:30:53]} c6 {[%clk 1:30:54]} 2. d4 {[%clk 1:31:13]} d5 {[%clk
1:31:18]} 3. Nc3 {[%clk 1:31:27]} dxe4 {[%clk 1:31:40]} 4. Nxe4 {[%clk 1:31:52]}
Bf5 {[%clk 1:32:05]} 5. Ng3 {[%clk 1:32:10]} Bg6 {[%clk 1:32:29]} 6. Nf3 {[%clk
1:32:10]} Nd7 {[%clk 1:32:41]} 7. Bd3 {[%clk 1:32:24]} e6 {[%clk 1:28:57]} 8. O-O
{[%clk 1:32:27]} Ngf6 {[%clk 1:28:17]} 9. Bxg6 {[%clk 1:30:25]} hxg6 {[%clk
1:28:41]} 10. Bg5 {[%clk 1:30:19]} Be7 {[%clk 1:20:10]} 11. c4 {[%clk 1:25:40]}
O-O {[%clk 1:17:21]} 12. Qe2 {[%clk 1:21:47]} Qb6 {[%clk 1:09:44]} 13. Rad1
{[%clk 1:15:35]} Rfe8 {[%clk 1:08:11]} 14. Ne5 {[%clk 1:08:27]} Rad8 {[%clk
1:06:58]} 15. Rfe1 {[%clk 1:08:10]} c5 {[%clk 0:53:50]} 16. Nxd7 {[%clk 1:03:29]}
Nxd7 {[%clk 0:48:52]} 17. dxc5 {[%clk 1:03:08]} Nxc5 {[%clk 0:46:57]} 18. Bxe7
{[%clk 1:01:24]} Rxe7 {[%clk 0:43:45]} 19. b4 {[%clk 0:55:12]} Rxd1 {[%clk
0:41:54]} 20. Rxd1 {[%clk 0:55:31]} Nd7 {[%clk 0:41:29]} 21. a3 {[%clk 0:55:15]}
Nf6 {[%clk 0:40:38]} 22. Ne4 {[%clk 0:54:26]} Nxe4 {[%clk 0:39:09]} 23. Qxe4
{[%clk 0:54:51]} Re8 {[%clk 0:30:55]} 24. g3 {[%clk 0:51:05]} Qc7 {[%clk
0:29:57]} 25. c5 {[%clk 0:40:23]} Rc8 {[%clk 0:23:26]} 26. Rd4 {[%clk 0:35:47]}
Kf8 {[%clk 0:19:07]} 27. Qh4 {[%clk 0:25:35]} Kg8 {[%clk 0:17:41]} 28. Rd6 {[%clk
0:25:51]} b6 {[%clk 0:17:27]} 29. Qd4 {[%clk 0:26:12]} bxc5 {[%clk 0:16:45]} 30.
bxc5 {[%clk 0:26:34]} e5 {[%clk 0:13:33]} 31. Qxe5 {[%clk 0:14:32]} Qxc5 {[%clk
0:13:45]} 32. Qxc5 {[%clk 0:14:44]} Rxc5 {[%clk 0:14:10]} 33. Rd8+ {[%clk
0:15:11]} Kh7 {[%clk 0:14:36]} 34. Rd7 {[%clk 0:15:36]} Ra5 {[%clk 0:14:45]} 35.
Rxf7 {[%clk 0:16:00]} Rxa3 {[%clk 0:15:11]} 36. h4 {[%clk 0:16:24]} a5 {[%clk
0:14:23]} 37. Ra7 {[%clk 0:16:45]} a4 {[%clk 0:11:41]} 38. Ra8 {[%clk 0:14:41]}
Ra2 {[%clk 0:09:25]} 39. Kg2 {[%clk 0:13:35]} Ra3 {[%clk 0:07:56]} 40. f3 {[%clk
0:40:13]} Ra1 {[%clk 0:36:34]} 41. Kh3 {[%clk 0:39:53]} Ra3 {[%clk 0:34:53]} 42.
Kg4 {[%clk 0:39:41]} Ra1 {[%clk 0:34:03]} 43. Ra6 {[%clk 0:31:14]} Ra2 {[%clk
0:31:37]} 44. Kf4 {[%clk 0:26:45]} Ra1 {[%clk 0:30:47]} 45. g4 {[%clk 0:23:55]}
Ra3 {[%clk 0:28:23]} 46. Ra5 {[%clk 0:23:42]} Ra1 {[%clk 0:26:23]} 47. Kg5 {[%clk
0:23:09]} Ra2 {[%clk 0:19:49]} 48. f4 {[%clk 0:17:38]} a3 {[%clk 0:17:52]} 49. h5
{[%clk 0:16:17]} gxh5 {[%clk 0:17:43]} 50. Kxh5 {[%clk 0:16:14]} Rh2+ {[%clk
0:12:39]} 51. Kg5 {[%clk 0:16:08]} a2 {[%clk 0:12:34]} 52. Ra8 {[%clk 0:15:50]}
Rb2 {[%clk 0:11:28]} 53. f5 {[%clk 0:15:35]} Rf2 {[%clk 0:07:53]} 54. Kh4 {[%clk
0:14:18]} g6 {[%clk 0:06:40]} 55. Ra7+ {[%clk 0:10:03]} Kg8 {[%clk 0:06:28]} 56.
fxg6 {[%clk 0:09:29]} Rb2 {[%clk 0:05:40]} 57. Kh5 {[%clk 0:09:05]} Rh2+ {[%clk
0:05:11]} 58. Kg5 {[%clk 0:09:02]} Rb2 {[%clk 0:04:44]} 59. g7 {[%clk 0:08:31]}
Rb5+ {[%clk 0:03:54]} 60. Kh6 {[%clk 0:08:07]} Rb6+ {[%clk 0:03:28]} 61. Kh5
{[%clk 0:08:00]} a1Q {[%clk 0:01:29]} 62. Rxa1 {[%clk 0:07:54]} Kxg7 {[%clk
0:01:28]} 63. g5 {[%clk 0:07:45]} Rc6 {[%clk 0:01:07]} 64. Ra5 {[%clk 0:07:16]}
Kg8 {[%clk 0:00:41]} 65. g6 {[%clk 0:06:40]} Rc1 {[%clk 0:00:33]} 1/2-1/2

[Event "Women's Baku Chess Olympiad"]
[Site "chess24.com"]
[Date "2016.09.04"]
[Round "3"]
[White "Keetman, Maaike"]
[Black "Bulmaga, Irina"]
[Result "0-1"]
[Board "4"]
[WhiteID "1033697"]
[WhiteElo "2221"]
[WhiteCountry "NED"]
[WhiteFideId "1033697"]
[WhiteEloChange "-5"]
[BlackID "13903063"]
[BlackElo "2395"]
[BlackTitle "IM"]
[BlackCountry "ROU"]
[BlackFideId "13903063"]
[BlackEloChange "5"]

1. e4 {[%clk 1:30:57]} c5 {[%clk 1:30:54]} 2. Nf3 {[%clk 1:31:21]} d6 {[%clk
1:31:18]} 3. d4 {[%clk 1:31:46]} cxd4 {[%clk 1:31:43]} 4. Nxd4 {[%clk 1:32:12]}
Nf6 {[%clk 1:32:06]} 5. Nc3 {[%clk 1:32:37]} a6 {[%clk 1:32:30]} 6. Be3 {[%clk
1:33:01]} e5 {[%clk 1:32:48]} 7. Nb3 {[%clk 1:33:25]} Be6 {[%clk 1:33:08]} 8. f3
{[%clk 1:33:44]} Nbd7 {[%clk 1:33:18]} 9. Qd2 {[%clk 1:33:53]} b5 {[%clk
1:33:22]} 10. g4 {[%clk 1:32:27]} h6 {[%clk 1:29:26]} 11. O-O-O {[%clk 1:26:30]}
Qc7 {[%clk 1:29:46]} 12. Kb1 {[%clk 1:19:45]} Nb6 {[%clk 1:29:08]} 13. Qf2 {[%clk
1:08:42]} Rb8 {[%clk 1:27:04]} 14. h4 {[%clk 0:57:01]} Nc4 {[%clk 1:18:29]} 15.
Bxc4 {[%clk 0:42:40]} bxc4 {[%clk 1:16:19]} 16. Nc1 {[%clk 0:42:52]} Qb7 {[%clk
0:59:25]} 17. b3 {[%clk 0:41:45]} Rc8 {[%clk 0:49:37]} 18. Na4 {[%clk 0:36:01]}
cxb3 {[%clk 0:47:37]} 19. axb3 {[%clk 0:34:14]} Nd7 {[%clk 0:38:43]} 20. Rhe1
{[%clk 0:26:39]} Be7 {[%clk 0:36:18]} 21. Qg3 {[%clk 0:21:04]} Qc6 {[%clk
0:31:19]} 22. Re2 {[%clk 0:17:50]} Rb8 {[%clk 0:30:35]} 23. Nb2 {[%clk 0:14:28]}
a5 {[%clk 0:24:02]} 24. f4 {[%clk 0:11:05]} Nf6 {[%clk 0:23:28]} 25. f5 {[%clk
0:05:38]} Nxe4 {[%clk 0:22:39]} 26. Qe1 {[%clk 0:05:54]} Nc3+ {[%clk 0:22:19]}
27. Ka1 {[%clk 0:06:20]} Bd7 {[%clk 0:20:03]} 28. Ncd3 {[%clk 0:01:59]} Nxe2
{[%clk 0:19:17]} 29. Qxe2 {[%clk 0:02:22]} Qc3 {[%clk 0:18:40]} 30. Nf4 {[%clk
0:00:56]} Bb5 {[%clk 0:16:51]} 31. Nd3 {[%clk 0:00:45]} a4 {[%clk 0:16:39]} 0-1

[Event "Women's Baku Chess Olympiad"]
[Site "chess24.com"]
[Date "2016.09.04"]
[Round "3"]
[White "Khademalsharieh, Sarasadat"]
[Black "Reizniece-Ozola, Dana"]
[Result "1-0"]
[Board "1"]
[WhiteID "12512214"]
[WhiteElo "2429"]
[WhiteTitle "IM"]
[WhiteCountry "IRI"]
[WhiteFideId "12512214"]
[WhiteEloChange "3"]
[BlackID "11601124"]
[BlackElo "2243"]
[BlackTitle "WGM"]
[BlackCountry "LAT"]
[BlackFideId "11601124"]
[BlackEloChange "-5"]

1. d4 {[%clk 1:30:53]} Nf6 {[%clk 1:30:47]} 2. c4 {[%clk 1:31:13]} c5 {[%clk
1:30:39]} 3. d5 {[%clk 1:31:15]} b5 {[%clk 1:30:57]} 4. cxb5 {[%clk 1:30:59]} a6
{[%clk 1:30:59]} 5. bxa6 {[%clk 1:31:18]} g6 {[%clk 1:30:55]} 6. Nc3 {[%clk
1:30:12]} Bxa6 {[%clk 1:30:46]} 7. e4 {[%clk 1:30:26]} Bxf1 {[%clk 1:30:13]} 8.
Kxf1 {[%clk 1:30:49]} d6 {[%clk 1:29:59]} 9. Nf3 {[%clk 1:30:46]} Bg7 {[%clk
1:30:13]} 10. g3 {[%clk 1:30:41]} O-O {[%clk 1:30:25]} 11. Kg2 {[%clk 1:30:46]}
Nbd7 {[%clk 1:30:30]} 12. Re1 {[%clk 1:30:29]} Ra6 {[%clk 1:30:11]} 13. a4 {[%clk
1:30:12]} Qa8 {[%clk 1:29:18]} 14. Nb5 {[%clk 1:30:02]} Rc8 {[%clk 1:21:26]} 15.
Qc2 {[%clk 1:25:30]} Nb6 {[%clk 1:09:15]} 16. Nc3 {[%clk 1:18:43]} e6 {[%clk
0:56:30]} 17. dxe6 {[%clk 1:12:17]} fxe6 {[%clk 0:56:51]} 18. Ng5 {[%clk
1:01:55]} Re8 {[%clk 0:47:40]} 19. Nb5 {[%clk 0:44:23]} Qc6 {[%clk 0:44:47]} 20.
Kg1 {[%clk 0:40:34]} Nfd7 {[%clk 0:25:56]} 21. Bf4 {[%clk 0:36:23]} Ne5 {[%clk
0:23:50]} 22. Rad1 {[%clk 0:34:08]} Rxa4 {[%clk 0:13:11]} 23. Nxd6 {[%clk
0:24:23]} Re7 {[%clk 0:11:12]} 24. b3 {[%clk 0:22:43]} Ra8 {[%clk 0:10:39]} 25.
Qe2 {[%clk 0:17:58]} h6 {[%clk 0:09:24]} 26. Nf3 {[%clk 0:17:59]} Nxf3+ {[%clk
0:09:11]} 27. Qxf3 {[%clk 0:18:23]} Rf8 {[%clk 0:03:30]} 28. Qe2 {[%clk 0:15:25]}
Bd4 {[%clk 0:02:09]} 29. Nb5 {[%clk 0:14:39]} e5 {[%clk 0:00:59]} 30. Nxd4 {[%clk
0:14:50]} cxd4 {[%clk 0:01:28]} 31. Bxh6 {[%clk 0:15:07]} Ra8 {[%clk 0:01:20]}
32. h4 {[%clk 0:13:40]} Qe6 {[%clk 0:01:35]} 33. Rd3 {[%clk 0:11:50]} Rea7 {[%clk
0:00:58]} 34. Rc1 {[%clk 0:10:05]} Ra2 {[%clk 0:00:58]} 35. Qf3 {[%clk 0:09:35]}
Nd7 {[%clk 0:01:11]} 36. Rd2 {[%clk 0:08:51]} R2a3 {[%clk 0:01:23]} 37. Rb2
{[%clk 0:06:52]} Ra1 {[%clk 0:00:48]} 38. Rc2 {[%clk 0:05:27]} Rxc1+ {[%clk
0:01:05]} 39. Rxc1 {[%clk 0:05:52]} Nf6 {[%clk 0:00:58]} 40. Bg5 {[%clk 0:33:37]}
Ng4 {[%clk 0:31:00]} 41. Qd3 {[%clk 0:33:39]} Rf8 {[%clk 0:30:09]} 42. Rc2 {[%clk
0:33:37]} Qb6 {[%clk 0:26:41]} 43. Kg2 {[%clk 0:32:16]} Nf6 {[%clk 0:15:31]} 44.
f3 {[%clk 0:27:40]} Nd7 {[%clk 0:11:53]} 45. Qc4+ {[%clk 0:27:49]} Rf7 {[%clk
0:09:45]} 46. b4 {[%clk 0:26:23]} Nf8 {[%clk 0:08:58]} 47. Qd5 {[%clk 0:22:58]}
Qa6 {[%clk 0:06:59]} 48. b5 {[%clk 0:21:10]} Qa3 {[%clk 0:06:27]} 49. Rf2 {[%clk
0:21:30]} d3 {[%clk 0:02:52]} 50. Qxe5 {[%clk 0:19:26]} Rd7 {[%clk 0:03:04]} 51.
Qb2 {[%clk 0:19:34]} Qc5 {[%clk 0:02:54]} 52. b6 {[%clk 0:19:07]} Qc6 {[%clk
0:02:54]} 53. Rd2 {[%clk 0:19:08]} Kh7 {[%clk 0:02:52]} 54. Qb3 {[%clk 0:18:55]}
Qd6 {[%clk 0:01:53]} 55. b7 {[%clk 0:18:23]} Qb8 {[%clk 0:02:11]} 56. Rb2 {[%clk
0:18:42]} Ne6 {[%clk 0:01:05]} 57. Qxe6 {[%clk 0:18:41]} Rxb7 {[%clk 0:01:31]}
58. Rxb7+ {[%clk 0:18:33]} Qxb7 {[%clk 0:02:00]} 59. Qd5 {[%clk 0:18:21]} Qb2+
{[%clk 0:01:53]} 60. Kh3 {[%clk 0:18:44]} Qg7 {[%clk 0:01:10]} 61. Qxd3 {[%clk
0:19:05]} Qb7 {[%clk 0:01:28]} 62. Qd6 {[%clk 0:19:04]} Qc8+ {[%clk 0:00:56]} 63.
g4 {[%clk 0:19:27]} Qf8 {[%clk 0:00:45]} 64. Qe7+ {[%clk 0:19:45]} 1-0

[Event "Women's Baku Chess Olympiad"]
[Site "chess24.com"]
[Date "2016.09.04"]
[Round "3"]
[White "Wickramasinghe, Dilhara Ishini"]
[Black "Shabanaj, Alda"]
[Result "1-0"]
[Board "3"]
[WhiteID "9906738"]
[WhiteElo "1750"]
[WhiteTitle "WFM"]
[WhiteCountry "SRI"]
[WhiteFideId "9906738"]
[WhiteEloChange "14"]
[BlackID "4700597"]
[BlackElo "1881"]
[BlackTitle "WFM"]
[BlackCountry "ALB"]
[BlackFideId "4700597"]
[BlackEloChange "-14"]

1. d4 {[%clk 1:30:52]} Nf6 {[%clk 1:30:48]} 2. c4 {[%clk 1:31:06]} g6 {[%clk
1:31:11]} 3. Nc3 {[%clk 1:31:29]} d5 {[%clk 1:31:23]} 4. Bg5 {[%clk 1:31:32]}
dxc4 {[%clk 1:27:59]} 5. e4 {[%clk 1:25:18]} Bg7 {[%clk 1:27:52]} 6. Bxc4 {[%clk
1:22:26]} c6 {[%clk 1:27:00]} 7. a4 {[%clk 1:19:57]} Qa5 {[%clk 1:25:22]} 8. Bxf6
{[%clk 1:01:11]} Bxf6 {[%clk 1:24:58]} 9. Ne2 {[%clk 0:56:02]} Qg5 {[%clk
1:23:36]} 10. Ng3 {[%clk 0:52:33]} O-O {[%clk 1:22:48]} 11. e5 {[%clk 0:41:44]}
Bg7 {[%clk 1:22:48]} 12. O-O {[%clk 0:39:23]} h5 {[%clk 1:21:11]} 13. f4 {[%clk
0:28:54]} Qh6 {[%clk 1:21:15]} 14. d5 {[%clk 0:27:21]} cxd5 {[%clk 1:20:00]} 15.
Nxd5 {[%clk 0:26:43]} Nc6 {[%clk 1:19:53]} 16. Bb5 {[%clk 0:23:11]} Bg4 {[%clk
1:18:06]} 17. Qc1 {[%clk 0:10:37]} h4 {[%clk 1:15:51]} 18. Ne4 {[%clk 0:08:42]}
h3 {[%clk 1:11:06]} 19. g3 {[%clk 0:06:37]} Nd4 {[%clk 1:10:36]} 20. Nxe7+ {[%clk
0:05:28]} Kh8 {[%clk 1:10:58]} 21. Qc3 {[%clk 0:03:15]} Nxb5 {[%clk 1:09:47]} 22.
axb5 {[%clk 0:03:42]} Be2 {[%clk 1:10:09]} 23. Rfe1 {[%clk 0:02:10]} Bxb5 {[%clk
1:09:02]} 24. Qb3 {[%clk 0:02:06]} Bc6 {[%clk 1:07:58]} 25. Ng5 {[%clk 0:01:23]}
Qh5 {[%clk 1:08:09]} 26. Re3 {[%clk 0:00:48]} f6 {[%clk 1:06:27]} 27. Ne6 {[%clk
0:00:38]} fxe5 {[%clk 1:00:56]} 28. Nxg7 {[%clk 0:00:53]} Kxg7 {[%clk 1:01:16]}
29. Rxe5 {[%clk 0:00:59]} Qf3 {[%clk 1:00:27]} 30. Qxf3 {[%clk 0:01:15]} Bxf3
{[%clk 1:00:51]} 31. Ra3 {[%clk 0:00:42]} Bg2 {[%clk 1:00:56]} 32. Nd5 {[%clk
0:00:43]} Rae8 {[%clk 0:55:00]} 33. Rxe8 {[%clk 0:00:38]} Rxe8 {[%clk 0:55:23]}
34. Ne3 {[%clk 0:00:47]} Bc6 {[%clk 0:55:37]} 35. Kf2 {[%clk 0:00:39]} Rd8 {[%clk
0:55:01]} 36. Ke1 {[%clk 0:00:46]} a6 {[%clk 0:55:11]} 37. Rc3 {[%clk 0:00:38]}
Kf6 {[%clk 0:51:33]} 38. Ng4+ {[%clk 0:00:47]} Kf5 {[%clk 0:50:01]} 39. Ne5
{[%clk 0:00:58]} Bg2 {[%clk 0:48:36]} 40. Ke2 {[%clk 0:30:50]} g5 {[%clk
1:17:58]} 41. Nf7 {[%clk 0:26:17]} Re8+ {[%clk 1:11:39]} 42. Kf2 {[%clk 0:25:58]}
Re6 {[%clk 1:08:49]} 43. Nxg5 {[%clk 0:20:00]} Rb6 {[%clk 1:08:38]} 44. b3 {[%clk
0:18:16]} Rb5 {[%clk 1:09:00]} 45. Nf3 {[%clk 0:11:02]} Ra5 {[%clk 1:08:56]} 46.
Rc2 {[%clk 0:09:21]} Ra1 {[%clk 1:07:28]} 47. Nh4+ {[%clk 0:08:26]} Ke4 {[%clk
1:05:34]} 48. Nxg2 {[%clk 0:06:49]} hxg2 {[%clk 1:05:58]} 49. Kxg2 {[%clk
0:07:16]} Rb1 {[%clk 1:06:16]} 50. Rf2 {[%clk 0:04:36]} Kf5 {[%clk 1:02:31]} 51.
h3 {[%clk 0:02:26]} Rxb3 {[%clk 1:02:03]} 52. g4+ {[%clk 0:02:49]} Kg6 {[%clk
1:02:03]} 53. f5+ {[%clk 0:02:25]} Kf7 {[%clk 1:01:51]} 54. g5 {[%clk 0:01:55]}
a5 {[%clk 1:02:15]} 55. h4 {[%clk 0:01:35]} a4 {[%clk 1:02:18]} 56. h5 {[%clk
0:00:42]} a3 {[%clk 1:01:17]} 57. f6 {[%clk 0:00:55]} Rb2 {[%clk 1:00:55]} 58.
g6+ {[%clk 0:01:08]} Kf8 {[%clk 1:01:16]} 59. h6 {[%clk 0:00:44]} Rxf2+ {[%clk
0:58:05]} 60. Kxf2 {[%clk 0:01:09]} Kg8 {[%clk 0:58:04]} 61. h7+ {[%clk 0:01:07]}
Kh8 {[%clk 0:58:29]} 62. f7 {[%clk 0:01:22]} 1-0